Statistiques concernant Les aliments les plus consommés au monde

Cliquez ici pour prendre le quiz!

Statistiques générales

  • Ce quiz a été pris 1 432 fois
    (1 382 depuis la dernière actualisation)
  • Le résultat moyen est 5 sur 9

Statistiques - réponses

Type de quizTonnesAliment% Correct
Boisson naturelle (Litres par habitant)730 000Eau
93%
Céréales (Tonnes)744 500 000Blé
81%
Boisson transformée (Litres)350 000 000 000Cola
74%
Fruit (Tonnes)11 000 000Banane
72%
Céréales (Tonnes)500 000 000Riz
60%
Céréales (Tonnes)843 000 000Maïs
49%
Produit transformé (Tonnes)11 000 000Frite
10%
Fromage (Marque) (en Portions)3 940 000 000Vache qui rit
10%
Aquatique (Tonnes)8 500 000Algue
7%

Distribution des résultats

Percentile par nombre de réponses

% des personnes avec chaque résultat

Votre développement - résultats

Vous n’avez pas pris ce quiz depuis la dernière actualisation